Wird geladen...

Agricultural co-operation

Bibliographische Detailangaben
1. Verfasser: Abrahamsen, M A
Weitere Verfasser: Scroggs, C L
Format: Printed Book
Sprache:Undetermined
English
Veröffentlicht: Allahabad Central Book Depot 1969
Schlagworte:
LEADER 00743nam a2200205Ia 4500
008 140306s9999 xx 000 0 und d
041 |a eng 
082 |a 334  |b ABR/AG 
100 |a Abrahamsen, M A 
700 |a Scroggs, C L 
245 |a Agricultural co-operation 
260 |a Allahabad  |b Central Book Depot  |c 1969 
300 |a 574 
650 |a Cooperative relations 
650 |a Farmer 
650 |a Organization 
942 |2 ddc  |c BK 
999 |c 114709  |d 114709 
952 |0 0  |1 0  |2 ddc  |4 0  |6 334_000000000000000_ABRAG  |7 0  |9 112905  |a KAUHCV  |b KAUHCV  |d 2004-04-21  |o 334 ABR/AG  |p KAU_HCV-483  |r 2014-03-22  |w 2014-03-22  |y BK 
952 |0 0  |1 0  |2 ddc  |4 0  |6 334_000000000000000_ABRAG  |7 0  |9 112906  |a KAUHCV  |b KAUHCV  |d 2004-04-21  |o 334 ABR/AG  |p KAU_HCV-781  |r 2014-03-22  |w 2014-03-22  |y BK